Quizzes
Events
Quiz Creation
Community
Videos
Private Events
Remove Ads
Sign In
Join for FREE
Feedback
Dark Mode
Quiz Categories
Sports
Geography
Music
Movies
Television
Just For Fun
Miscellaneous
History
Literature
Language
Science
Gaming
Entertainment
Religion
Holiday
For Kids
Quiz Lab
Recent
Popular Today
Quiz Kudos Today
Editor Picks
Curator Picks
Quizzes by...
Day
Popularity
Type
Ratings
Length
Year
Community
Subscriptions
Recent Discussions
Orange Saloon
Badges
Playlists
Quests
Create
Leaderboards
Showdown
Live 5
Trivia Bingo
Activity
Puzzle Library
Sporcle Events
Private Events
Virtual Trivia
Globe League
Become a Host
Pub Owners
SporcleCon
Opinionation
Our Games
Videos
Blog
Mobile Apps
Partnerships
Remove Ads and Go Orange
Feedback
Movies
Disney
Marvel Cinematic Universe
Movie Resume
Movie Titles
Oscar
Actor
Actress
Director
Pixar
Role
Movie Quotes
Movie Characters
Box Office
Nominee
Best Picture
Star Wars
James Bond
Horror Movies
Movies
Disney
Marvel Cinematic Universe
Movie Resume
Movie Titles
Oscar
Actor
Actress
Director
Pixar
Role
Movie Quotes
Movie Characters
Box Office
Nominee
Best Picture
Star Wars
James Bond
Horror Movies
Random Quiz
Search Sporcle
×
Quiz Lab
Quiz Lab
Movies
John Carpenter
Type in answers that appear in a list
Type in answers that appear in a list
Classic
Best Score? Go Orange.
John Carpenter films Stats
Can you name the John Carpenter films?
By
jaj109
10m
21 Questions
126 Plays
126 Plays
126 Plays
Comments
Comments
Give Quiz Kudos
Give Quiz Kudos
-
- Ratings
hide this ad
Replay
Link that replays current quiz
Next Quiz
Link to next quiz in quiz playlist
You Got
0%
They Got
Avg Score
62%
Avg Friend Score
Upgrade to see
Score Distribution
Jump to the score distribution portion of the page
Score
0/21
Timer
10:00
0
Plays Today
Year
Film
% Correct
1978
Halloween
97.6%
1982
The Thing
84.8%
1981
Escape From New York
83.2%
1996
Escape From L.A.
80.8%
1980
The Fog
80%
1998
Vampires
72%
1988
They Live
71.2%
1976
Assault On Precinct 13
70.4%
1986
Big Trouble In Little China
68.8%
2001
Ghosts Of Mars
68%
1974
Dark Star
65.6%
Year
Film
% Correct
1987
Prince Of Darkness
63.2%
1994
In The Mouth Of Madness
63.2%
1983
Christine
59.2%
1984
Starman
58.4%
1995
Village Of The Damned
56.8%
1992
Memoirs Of An Invisible Man
45.6%
1979
Elvis
44%
2010
The Ward
43.2%
1993
Body Bags
26.4%
1978
Someones Watching Me
24.8%
Quiz Playlist
Details
Report
Send in Message
Add To Playlist
Classic:
Type in answers that appear in a list
Last Updated: Feb 16, 2017
Quiz Scoreboard
CHALLENGE
Sign Up to Join the Scoreboard
Show All
Scores
Hide
Comments
May contain spoilers
Recently Published
TV Characters by Other Roles V
by ghcgh
Television
5m
Decade Duel: World Leaders
by jenniferyan
History
4m
Alphabetical 'K' Countries by Flag Minefield
by ylime102
Geography
3m
More to Explore
Quiz From the Vault
Featured Blog Post
15 Basketball Trivia Facts You Can Be March Mad About
hide this ad
You Might Also Like...
Tags
Carpenter
john
John Carpenter
Today's Top Quizzes in Movies
Browse Movies
hide this ad
Today's Top Quizzes in John Carpenter
Browse John Carpenter
Top Contributed Quizzes in Movies
1
Pick 6: Harry Potter
2
Pick 6: Movie Franchises
3
Pick 6: Actors
4
Pick 6: Actresses
5
Pick 6: Disney Princesses
6
Decade Duel: Best Picture Winner
7
Movies of the Seasons
8
Match The President To The Fictional Crisis
9
Decade Duel: Disney Animated Movies
10
Movie Seasons
Explore More
Trending Topics
Marvel
Disney
NBA
Anime
Kpop
Crossword
Harry Potter
WWE
Puzzle
Pokémon
Country
NFL
The Office
Soccer
Song
hide this ad
More By:
jaj109
Quiz
Plays
Rating
Category
Featured
Created
John Carpenter films
126
5.00
Movies
Apr 5, 2010
Go to Creator's Profile
Score Distribution
Quiz Creator Spotlight
jaj109
Follow
Send a Message
Quizzes Created
-
Created Quiz Play Count
-
More By This Creator
Popular Quizzes Today
1
Countries of Asia Without Outlines Minefield
2
Find the US States - No Outlines Minefield
3
Pick 6: Fruits
4
The Countries of the World
5
Alphabetical 'K' Countries by Flag Minefield
6
Find the Countries of Europe - No Outlines Minefield
7
US States
8
Find the US States
More Movies Quizzes
1977 Minimalist Movie Posters
Quiz Lab
Trending Quizzes
Pick 6: Mountains
Pick 6: Harry Potter
Pick 6: Flags
Pick 6: NFL Teams
Pick 6: Movie Franchises
Recently Updated
Adaptations: Name the Title
pecheneg
NWSL Teams
pecheneg
Women's Final Four Teams by Year
bhenderson79
Presidents Quartet II
eogle
Anything But Clue(do)
eogle
Anything But Oceanian Capitals
eogle
Anything But 7
eogle
Anything But Thing
eogle
Word Ladder: February 29
pecheneg
Song Title Questions
pecheneg
Trending Topics
NBA
Crossword
Harry Potter
Marvel
Disney
Anime
Kpop
Pokémon
Country
NFL
The Office
Soccer
Puzzle
WWE
Song
Your Account Isn't Verified!
In order to create a playlist on Sporcle, you need to verify the email address you used during registration. Go to your
Sporcle Settings
to finish the process.
Report this User
Report this user for behavior that violates our
Community Guidelines
.
Details:
Send Report
Go to the Sporcle.com Mobile Site →
Comments